| Поле | Название | Значение |
| |
Тип записи |
a |
| |
Библиографический уровень |
m |
| 001 |
Контрольный номер |
RU\infra-m\znanium\bibl\2173594 |
| 005 |
Дата корректировки |
20260429142124.1 |
| 008 |
Кодируемые данные |
240919s2024 RU g rus u |
| 020 |
Индекс ISBN |
__ |
| a |
ISBN |
978-5-9729-2033-4 |
| 040 |
Источник каталогиз. |
__ |
| a |
Служба первич. каталог. |
Общество с ограниченной ответственностью «ЗНАНИУМ» |
| 041 |
Код языка издания |
__ |
| a |
Код языка текста |
rus |
| 044 |
Код страны публикации |
__ |
| a |
Код страны публикации |
RU |
| 080 |
Индекс УДК |
__ |
| a |
Индекс УДК |
621 |
| 084 |
Индекс другой классификации/Индекс ББК |
__ |
| 2 |
Источник индекса |
rubbk |
| a |
Индекс другой классификации/Индекс ББК |
3284 |
| 084 |
Индекс другой классификации/Индекс ББК |
__ |
| 2 |
Источник индекса |
okso |
| a |
Индекс другой классификации/Индекс ББК |
11.03.01 |
| 084 |
Индекс другой классификации/Индекс ББК |
__ |
| 2 |
Источник индекса |
okso |
| a |
Индекс другой классификации/Индекс ББК |
11.03.02 |
| 084 |
Индекс другой классификации/Индекс ББК |
__ |
| 2 |
Источник индекса |
okso |
| a |
Индекс другой классификации/Индекс ББК |
11.03.03 |
| 084 |
Индекс другой классификации/Индекс ББК |
__ |
| 2 |
Источник индекса |
okso |
| a |
Индекс другой классификации/Индекс ББК |
11.04.01 |
| 084 |
Индекс другой классификации/Индекс ББК |
__ |
| 2 |
Источник индекса |
okso |
| a |
Индекс другой классификации/Индекс ББК |
11.05.01 |
| 100 |
Автор |
__ |
| a |
Автор |
Битюков В.К. |
| q |
Полное имя |
Битюков Владимир Ксенофонтович |
| u |
Дополнение |
МИРЭА - Российский технологический университет |
| 245 |
Заглавие |
__ |
| a |
Заглавие |
Физика и схемотехника источников электропитания радиотехнических устройств |
| b |
Продолж. заглавия |
Учебник |
| c |
Ответственность |
МИРЭА - Российский технологический университет |
| 260 |
Выходные данные |
__ |
| a |
Место издания |
Вологда |
| b |
Издательство |
Инфра-Инженерия |
| c |
Дата издания |
2024 |
| 300 |
Физическое описание |
__ |
| a |
Объем |
336 с. |
| 520 |
Аннотация |
__ |
| a |
Аннотация |
Рассмотрены физика и схемотехника построения и функционирования современных источников электропитания радиотехнических устройств включающих выпрямительные устройства параметрические линейные и импульсные стабилизаторы напряжения и тока инверторы тока и напряжения и преобразователи постоянного тока в том числе понижающе-повышающие DC/DC преобразователи с униполярным и биполярным выходом. Значительное внимание уделено современной элементной базе устройств электропитания формированию у читателя метрологической культуры и методических навыков а также умений экспериментального аналитического и метрологического исследования основных характеристик и параметров устройств электропитания. Изложение материала учебника построено так чтобы у читателя уже на студенческой скамье формировался профессиональный подход к разработке радиотехнических устройств работающих в составе соответствующих наукоемких технических систем и комплексов. Для студентов обучающихся по направлениям бакалавриата (11.03.01 «Радиотехника» 11.03.02 «Инфокоммуникационные технологии и системы связи» 11.03.03 «Конструирование и технология электронных средств») магистратуры (11.04.01 «Радиотехника») а также по специальности специалитета (11.05.01 «Радиоэлектронные системы и комплексы») для углубленного изучения дисциплины «Схемотехника электронных устройств». Будет полезен студентам других технических и инженерно-физических направлений и специальностей при изучении дисциплин «Источники вторичного электропитания» «Физические основы преобразовательной техники» «Промышленная электроника» «Аналоговая схемотехника» и других. |
| 521 |
Примеч. о цел. назн. |
__ |
| a |
Примеч. о целев. назн. |
Профессиональное образование |
| 650 |
Тематические рубрики |
__ |
| a |
Основная рубрика |
Радиоэлектроника. Автоматика. Связь |
| x |
Основная подрубрика |
Схемотехника. Общие вопросы |
| 655 |
Указ. предметных рубрик (устаревшее) |
__ |
| a |
Жанр/ форма (устаревшее) |
Учебник |
| 700 |
Другие авторы |
__ |
| a |
Другие авторы |
Симачков Д.С. |
| q |
Полное имя |
Симачков Денис Сергеевич |
| u |
Дополнение |
МИРЭА - Российский технологический университет |
| 700 |
Другие авторы |
__ |
| a |
Другие авторы |
Бабенко В.П. |
| q |
Полное имя |
Бабенко Валерий Павлович |
| u |
Дополнение |
МИРЭА - Российский технологический университет |
| 856 |
Электронный адрес документа |
4_ |
| a |
Имя сервера/домена |
znanium.ru |
| m |
Помощь |
ebs_support@infra-m.ru |
| n |
Местонахождение сервера |
НИЦ ИНФРА-М |
| u |
URL |
https://znanium.ru/catalog/document?id=453602 |
| 856 |
Электронный адрес документа |
48 |
| a |
Имя сервера/домена |
znanium.ru |
| d |
Путь |
/cover/2173 |
| f |
Электронное имя |
2173594.jpg |
| q |
Тип электронного формата |
image/jpeg |
| u |
URL |
https://znanium.ru/cover/2173/2173594.jpg |
| 911 |
|
__ |
| u |
|
0030=https://znanium.ru/catalog/document?id=453602 |